00322 a2200109 450000100060000008200110000610000440001724500610006126000340012230000330015650000230018987774 aPR 151 aSyed Waqas Hussain, Plt Off 15469 70 EC aStructural Analysis on outer wing FLAP of C-130 aircraft aRisalpurbNUST Risalpurc2010 a95p.eShakeel Safdar, Wg Cdr aBE Project Reports